Sports Quiz

Random Sports Quiz

Tour of Qatar 2012 recap Quiz Stats

 Plays Quiz not verified by Sporcle

Score 0/40 Timer 10:00
0 Plays Today
% Correct
Tom Boonen
92.3%
Tom Boonen
92.3%
Tom Boonen
92.3%
Tom Boonen
92.3%
Mark Cavendish
89.7%
Mark Cavendish
89.7%
Mark Cavendish
89.7%
Fabian Cancellara
66.7%
Fabian Cancellara
66.7%
Tyler Farrar
64.1%
Peter Sagan
64.1%
Tyler Farrar
64.1%
Peter Sagan
64.1%
Juan Antonio Flecha
59%
Juan Antonio Flecha
59%
Garmin Barracuda
56.4%
Sky
56.4%
Daniel Oss
51.3%
Omega Pharma Quickstep
51.3%
Daniel Oss
51.3%
% Correct
Liquigas
41%
John Degenkolb
38.5%
John Degenkolb
38.5%
Katusha
33.3%
Arnaud Demare
33.3%
Gert Steegmans
30.8%
Mark Renshaw
30.8%
Gert Steegmans
30.8%
Denis Galimzyanov
30.8%
Mark Renshaw
30.8%
Tom Veelers
25.6%
Ramunas Navardauskas
25.6%
Tom Veelers
25.6%
Alexander Kristoff
25.6%
Adam Blythe
20.5%
Adam Blythe
20.5%
Aidis Kruopis
17.9%
Aidis Kruopis
17.9%
Rudiger Selig
12.8%
Roger Kluge
7.7%

You're not logged in!

Compare scores with friends on all Sporcle quizzes.
OR
Log In

Show Comments

Extras

Created Feb 14, 2012SourceReportNominate
Tags:2012, cycling, cyclist, Qatar, recap, tour

Top Quizzes Today


Score Distribution

Your Account Isn't Verified!

In order to create a playlist on Sporcle, you need to verify the email address you used during registration. Go to your Sporcle Settings to finish the process.

Report this User

Report this user for behavior that violates our Community Guidelines.

Details: